[Event "Capablanca mem MIXTO"]
[Site "Cuba"]
[Date "2005.05.06"]
[Round "1"]
[White "Arribas, Maritza"]
[Black "Pina, Eduardo"]
[Result "1/2-1/2"]
[WhiteElo "2280"]
[BlackElo "2330"]
[PlyCount "54"]
[EventDate "2005.05.06"]
[SourceDate "2005.05.06"]

1. e4 c5 2. Nf3 d6 3. Bb5+ Nd7 4. O-O Ngf6 5. Re1 a6 6. Bxd7+ Nxd7 7. d4 e6 8.
c4 Be7 9. Nc3 cxd4 10. Qxd4 O-O 11. b3 b5 12. Bb2 Bf6 13. Qxd6 bxc4 14. Qc6 Bb7
15. Qxc4 Rc8 16. Qd3 Nc5 17. Qxd8 Rfxd8 18. e5 Nd3 19. exf6 Nxb2 20. Ne4 Nd3
21. Re3 Nb4 22. Ne1 Rd4 23. f3 Nc2 24. Nxc2 Rxc2 25. a3 Bxe4 26. Rxe4 Rxe4 27.
fxe4 gxf6 1/2-1/2

[Event "Capablanca mem MIXTO"]
[Site "Cuba"]
[Date "2005.05.06"]
[Round "1"]
[White "Frois, Antonio"]
[Black "Ramon, Vivian"]
[Result "1-0"]
[WhiteElo "2356"]
[BlackElo "2198"]
[PlyCount "55"]
[EventDate "2005.05.06"]
[SourceDate "2005.05.06"]

1. e4 e5 2. Nf3 Nc6 3. Bc4 Nf6 4. d3 Be7 5. O-O O-O 6. Bb3 d5 7. Nbd2 dxe4 8.
dxe4 Bg4 9. c3 Bc5 10. h3 Bh5 11. Qe2 Qe7 12. Re1 Nd7 13. Nf1 Kh8 14. Ng3 Bxf3
15. Qxf3 g6 16. Bh6 Rfd8 17. Rad1 f6 18. h4 Bd6 19. h5 Nc5 20. Bd5 Ne6 21. Qg4
Nf4 22. hxg6 hxg6 23. Qh4 Nh5 24. Nxh5 gxh5 25. Rd3 Rg8 26. Qxh5 Qh7 27. Rh3
Rg6 28. Bf8 1-0

[Event "Capablanca mem MIXTO"]
[Site "Cuba"]
[Date "2005.05.06"]
[Round "1"]
[White "Ordaz, Lizandra"]
[Black "Marrero, Yaniet"]
[Result "1-0"]
[WhiteElo "2252"]
[BlackElo "2291"]
[PlyCount "135"]
[EventDate "2005.05.06"]
[SourceDate "2005.05.06"]

1. d4 d5 2. c4 c6 3. Nf3 Nf6 4. e3 g6 5. Nc3 Bg7 6. cxd5 cxd5 7. Bb5+ Nc6 8.
Ne5 Bd7 9. Bxc6 Bxc6 10. Nxc6 bxc6 11. O-O O-O 12. Na4 Qd6 13. b3 h5 14. h3 Ne4
15. Bb2 Rfc8 16. Rc1 Bf6 17. Rc2 Bh4 18. Nc5 Nxc5 19. Rxc5 e6 20. Qc2 Rab8 21.
Rc1 Rb6 22. Ra5 Qd7 23. Ba3 Be7 24. Bc5 Bxc5 25. Qxc5 Qb7 26. Qa3 Rc7 27. Rcc5
a6 28. Ra4 Rc8 29. Rca5 Ra8 30. Qd6 Rb5 31. Kh2 Rxa5 32. Rxa5 Qb6 33. Rc5 Rc8
34. Qd7 Qc7+ 35. Qxc7 Rxc7 36. Ra5 Ra7 37. Kg3 Kg7 38. Kf4 Kf6 39. h4 Ra8 40.
f3 Ra7 41. g4 hxg4 42. fxg4 Ke7 43. Kg5 Ra8 44. h5 gxh5 45. gxh5 Rg8+ 46. Kf4
Rg1 47. Rxa6 Rf1+ 48. Kg3 Rg1+ 49. Kf2 Rh1 50. Rxc6 Rh2+ 51. Kg3 Rxa2 52. Rc7+
Kf6 53. b4 Rb2 54. h6 Kg6 55. h7 Kxh7 56. Rxf7+ Kg6 57. Rb7 Kf5 58. Kf3 Rb1 59.
b5 e5 60. dxe5 Kxe5 61. Rb8 Kd6 62. b6 Kc6 63. Rc8+ Kb7 64. Rd8 Rb5 65. Rd6
Rxb6 66. Rxd5 Kc6 67. Rd4 Kc5 68. Rd8 1-0

[Event "Capablanca mem MIXTO"]
[Site "Cuba"]
[Date "2005.05.07"]
[Round "2"]
[White "Ramon, Vivian"]
[Black "Ordaz, Lizandra"]
[Result "1-0"]
[WhiteElo "2198"]
[BlackElo "2252"]
[PlyCount "77"]
[EventDate "2005.05.06"]
[SourceDate "2005.05.06"]

1. d4 g6 2. e4 Bg7 3. g3 c6 4. Bg2 d6 5. Ne2 e6 6. O-O Ne7 7. c3 O-O 8. Be3 Nd7
9. Qd2 Re8 10. Bh6 Bh8 11. a4 a5 12. Na3 Nb6 13. b3 Qc7 14. Rac1 e5 15. c4 exd4
16. Nxd4 Nd7 17. Be3 Nc5 18. Nac2 Bd7 19. Rb1 Rad8 20. Ne2 f5 21. f3 Bc8 22.
Kh1 b6 23. Ncd4 Be5 24. Qa2 Na6 25. Nf4 Nb4 26. Qe2 Kf7 27. Nh3 Bxd4 28. Bxd4
c5 29. Ba1 Nbc6 30. Qd2 Kg8 31. Nf4 Ne5 32. Nd5 Nxd5 33. exd5 h5 34. h3 Qh7 35.
f4 Nd7 36. Rbe1 Qh6 37. Qc3 Kf7 38. Re6 Nf8 39. Qf6+ 1-0

[Event "Capablanca mem MIXTO"]
[Site "Cuba"]
[Date "2005.05.07"]
[Round "2"]
[White "Iturrizaga, Eduardo"]
[Black "Frois, Antonio"]
[Result "0-1"]
[WhiteElo "2225"]
[BlackElo "2356"]
[PlyCount "94"]
[EventDate "2005.05.06"]
[SourceDate "2005.05.06"]

1. c4 Nf6 2. Nc3 g6 3. g3 Bg7 4. Bg2 O-O 5. Nf3 d6 6. d4 Nc6 7. O-O a6 8. Qc2
Rb8 9. a3 Bg4 10. Rd1 Nd7 11. Be3 e5 12. d5 Ne7 13. Nd2 Nf5 14. h3 Nd4 15. Bxd4
exd4 16. hxg4 dxc3 17. bxc3 Re8 18. e4 Nc5 19. a4 Qg5 20. Bh3 Qh6 21. Kg2 Re7
22. Re1 Rbe8 23. f4 g5 24. fxg5 Qxg5 25. Re2 Qf6 26. Rc1 Bh6 27. Rf1 Qg7 28. g5
Bxg5 29. Rfe1 Bxd2 30. Qxd2 Rxe4 31. Bf5 Rxe2+ 32. Rxe2 Rxe2+ 33. Qxe2 Kf8 34.
Qe3 h6 35. a5 Qg5 36. Qf2 Qf6 37. Qf4 b6 38. axb6 cxb6 39. g4 a5 40. Qc1 h5 41.
Qb2 hxg4 42. Qxb6 a4 43. Bxg4 Kg7 44. Bf3 Qg5+ 45. Kf2 Qf4 46. Kg2 Nd3 47. Qa7
Ne1+ 0-1

[Event "Capablanca mem MIXTO"]
[Site "Cuba"]
[Date "2005.05.07"]
[Round "2"]
[White "Perez, Angel"]
[Black "Leon Hoyos, Manuel"]
[Result "0-1"]
[WhiteElo "2406"]
[BlackElo "2376"]
[PlyCount "90"]
[EventDate "2005.05.06"]
[SourceDate "2005.05.06"]

1. e4 c5 2. Nf3 g6 3. Nc3 Bg7 4. g3 Nc6 5. Bg2 e6 6. d3 Nge7 7. h4 h6 8. O-O
O-O 9. Be3 Nd4 10. Qd2 Kh7 11. Nh2 d5 12. Nd1 dxe4 13. dxe4 b6 14. c3 Ba6 15.
Re1 Ndc6 16. Qxd8 Raxd8 17. f4 e5 18. f5 Na5 19. b3 gxf5 20. exf5 Nxf5 21. b4
cxb4 22. cxb4 Nc4 23. Bf2 e4 24. Bxe4 Bxa1 25. Bxf5+ Kg7 26. Nf3 Rfe8 27. Ne3
Nxe3 28. Rxe3 Rd1+ 29. Kh2 Rxe3 30. Bxe3 Bb7 31. Kg2 Be5 32. Kf2 Bxf3 33. Kxf3
Rf1+ 34. Ke4 Bxg3 35. h5 Bh4 36. a4 Bg5 37. Bd4+ Bf6 38. Be3 Ra1 39. Bd7 Rb1
40. a5 Rxb4+ 41. Kf5 bxa5 42. Be8 a4 43. Bc1 Rh4 44. Bxh6+ Kxh6 45. Kxf6 a3 0-1